[Event "Krapina op 9th"]
[Site "Krapina"]
[Date "2019.01.18"]
[Round "3"]
[White "Mohr, Pablo"]
[Black "Bezik Haric, Filip"]
[Result "1-0"]
[WhiteElo "1791"]
[BlackElo "1628"]
[PlyCount "39"]
[EventDate "2019.01.17"]
[EventType "swiss"]
[EventRounds "7"]
[EventCountry "CRO"]
[SourceTitle "CBM 188 Extra"]
[Source "ChessBase"]
[SourceDate "2019.02.28"]
[SourceVersion "1"]
[SourceVersionDate "2019.02.28"]
[SourceQuality "1"]

1. e4 e5 2. Nc3 Nf6 3. g3 d6 4. Bg2 Nc6 5. d3 Be6 6. Nd5 Be7 7. Ne2 0-0 8. 0-0 Qd7 9. f4 Bxd5 10. exd5 Nd8 11. f5 c6 12. Nc3 cxd5 13. Nxd5 Nc6 14. g4 h6 15. Nxf6+ Bxf6 16. Rf3 Nd4 17. Rh3 Qc7 18. g5 hxg5 19. Qh5 Rfe8 20. Qh8# 1-0